[Event "International Chess Tournament Paracin 2"]
[Site "Paracin, Serbia"]
[Date "2021.07.09"]
[Round "1.1"]
[White "Ter-Sahakyan, Samvel"]
[Black "Tsaknakis, Zisis"]
[Result "1-0"]
[WhiteElo "2643"]
[BlackElo "2236"]
[PlyCount "55"]
[EventDate "2021.??.??"]

1. e4 c5 2. Nf3 d6 3. d4 cxd4 4. Nxd4 Nf6 5. Nc3 a6 6. Bg5 e6 7. f4 h6 8. Bh4
Qb6 9. a3 Be7 10. Bf2 Qc7 11. Qf3 Nbd7 12. O-O-O b5 13. g4 g5 14. h4 gxf4 15.
Be2 h5 16. g5 Ne5 17. Qxf4 Nfg4 18. Bxg4 Nxg4 19. Nf5 exf5 20. Nd5 Qd7 21. Bd4
O-O 22. Rdg1 Kh7 23. Rxg4 hxg4 24. h5 Qd8 25. Nf6+ Bxf6 26. Bxf6 Qd7 27. g6+
fxg6 28. Qg5 1-0

[Event "International Chess Tournament Paracin 2"]
[Site "Paracin, Serbia"]
[Date "2021.07.09"]
[Round "1.2"]
[White "Thorsbro, Peter"]
[Black "Petrosyan, Manuel"]
[Result "0-1"]
[WhiteElo "2233"]
[BlackElo "2632"]
[PlyCount "98"]
[EventDate "2021.??.??"]

1. d4 Nf6 2. c4 e6 3. g3 c5 4. d5 exd5 5. cxd5 d6 6. Nc3 g6 7. Bg2 Bg7 8. Nf3
O-O 9. O-O a6 10. a4 Re8 11. Bf4 Qc7 12. Nd2 Nh5 13. Be3 Nd7 14. Nc4 Ne5 15.
Nxe5 Bxe5 16. Qd2 f5 17. f4 Bg7 18. Bf2 Nf6 19. h3 Bd7 20. Rac1 Qa5 21. e4 fxe4
22. Rfe1 Qb4 23. Qc2 h5 24. Re3 Bf5 25. Rce1 b5 26. axb5 axb5 27. Qe2 c4 28.
Kh2 Kh8 29. Qd2 Re7 30. R3e2 Qa5 31. Bd4 Rae8 32. Bf3 Kg8 33. Re3 Nxd5 34. Bxg7
Nxe3 35. Bf6 exf3 36. Bxe7 Rxe7 37. Rxe3 Rxe3 38. Qxe3 Qa8 39. Nxb5 Qb8 40. g4
hxg4 41. hxg4 Qxb5 42. gxf5 Qxb2+ 43. Kh3 Qg2+ 44. Kh4 Qh2+ 45. Kg4 Qe2 46. Qb6
f2+ 47. Kg3 f1=N+ 48. Kh3 Qf3+ 49. Kh4 Qg3# 0-1

[Event "International Chess Tournament Paracin 2"]
[Site "Paracin, Serbia"]
[Date "2021.07.09"]
[Round "1.3"]
[White "Safarli, Eltaj"]
[Black "Lever, Erwan"]
[Result "1/2-1/2"]
[WhiteElo "2604"]
[BlackElo "2231"]
[PlyCount "108"]
[EventDate "2021.??.??"]

1. e4 c5 2. Nf3 e6 3. Nc3 a6 4. g3 b5 5. Bg2 Bb7 6. d3 d6 7. O-O Nf6 8. Ng5
Nbd7 9. f4 Qc7 10. f5 exf5 11. Rxf5 g6 12. Rf1 Bg7 13. Bf4 O-O 14. Qd2 h6 15.
Nf3 g5 16. Be3 Ng4 17. Rae1 Nxe3 18. Rxe3 Bd4 19. Kh1 Bxe3 20. Qxe3 f6 21. Bh3
Rae8 22. Qd2 Ne5 23. Bf5 Nxf3 24. Rxf3 Re5 25. Nd5 Bxd5 26. exd5 Qe7 27. Be6+
Rxe6 28. dxe6 Qxe6 29. Re3 Qxa2 30. Qe2 Qd5+ 31. Kg1 Kg7 32. c3 Rf7 33. Re8 f5
34. Rc8 f4 35. gxf4 Rxf4 36. Rd8 Qe5 37. Qxe5+ dxe5 38. Rd5 e4 39. dxe4 Rxe4
40. Rxc5 Re2 41. b4 Kf6 42. Rc6+ Re6 43. Rc5 Kg6 44. c4 bxc4 45. Rxc4 h5 46.
Rc5 Rb6 47. h4 g4 48. Rg5+ Kh6 49. Ra5 Rxb4 50. Rxa6+ Kg7 51. Rc6 Rb3 52. Kg2
Rh3 53. Ra6 Rxh4 54. Ra3 Rh3 1/2-1/2

[Event "International Chess Tournament Paracin 2"]
[Site "Paracin, Serbia"]
[Date "2021.07.09"]
[Round "1.4"]
[White "Strugnell, Carl"]
[Black "Puranik, Abhimanyu"]
[Result "0-1"]
[WhiteElo "2229"]
[BlackElo "2589"]
[PlyCount "104"]
[EventDate "2021.??.??"]

1. d4 Nf6 2. c4 g6 3. Nc3 d5 4. cxd5 Nxd5 5. Bd2 Bg7 6. e4 Nxc3 7. Bxc3 c5 8.
d5 Bxc3+ 9. bxc3 Qd6 10. Be2 e6 11. Nf3 exd5 12. exd5 O-O 13. h3 Nd7 14. O-O
Re8 15. a4 Nf6 16. Bc4 Bf5 17. Ba2 c4 18. Nd2 Qxd5 19. Nxc4 Rad8 20. Ne3 Qc6
21. Qb3 Be6 22. Qb5 Qc7 23. Bxe6 Rxe6 24. c4 Red6 25. Rab1 R8d7 26. a5 Ne4 27.
Ra1 a6 28. Qe5 Re7 29. Qf4 Rd2 30. Qxc7 Rxc7 31. Rfd1 Re2 32. Re1 Rxe1+ 33.
Rxe1 Nd2 34. Rd1 Nb3 35. Rd5 Rc5 36. Rxc5 Nxc5 37. Kf1 Nb3 38. Ke2 Nxa5 39. Kd3
Nc6 40. Ke4 Kf8 41. Kd5 Ke7 42. Kc5 Kd7 43. Kb6 Kc8 44. Nd5 Ne5 45. Kc5 Nd3+
46. Kb6 Ne5 47. Kc5 Nd3+ 48. Kb6 Nxf2 49. Nf6 h5 50. c5 h4 51. Ng4 Nxg4 52.
hxg4 g5 0-1

[Event "International Chess Tournament Paracin 2"]
[Site "Paracin, Serbia"]
[Date "2021.07.09"]
[Round "1.5"]
[White "Postny, Evgeny"]
[Black "Spasic, Petar"]
[Result "1-0"]
[WhiteElo "2578"]
[BlackElo "2227"]
[PlyCount "101"]
[EventDate "2021.??.??"]

1. d4 Nf6 2. Nf3 g6 3. c4 Bg7 4. Nc3 d5 5. e3 dxc4 6. Bxc4 c5 7. d5 O-O 8. O-O
Bg4 9. h3 Bxf3 10. Qxf3 Nbd7 11. e4 Ne5 12. Qe2 Nxc4 13. Qxc4 Nd7 14. Be3 Qc7
15. f4 Bxc3 16. bxc3 Rfd8 17. Rad1 Rab8 18. e5 b5 19. Qe4 Rbc8 20. d6 exd6 21.
Rxd6 Nb6 22. Rxd8+ Qxd8 23. f5 Qd5 24. Qf4 Nd7 25. e6 fxe6 26. fxg6 Rf8 27.
gxh7+ Kh8 28. Qh6 Rxf1+ 29. Kxf1 a5 30. Kg1 Qf5 31. Qh4 Nf6 32. Qg3 Kxh7 33.
Qc7+ Kg6 34. Bxc5 Nd5 35. Qg3+ Kf7 36. Bd4 Qb1+ 37. Kh2 Qxa2 38. Qg7+ Ke8 39.
h4 Qe2 40. Qg6+ Kd7 41. h5 e5 42. Qf7+ Kd6 43. Qf8+ Kd7 44. Qf5+ Kd6 45. Qg6+
Kd7 46. h6 Nf4 47. Qg5 Qe4 48. Bxe5 Nxg2 49. Qg7+ Ke6 50. Qf6+ Kd7 51. Qd6+ 1-0

[Event "International Chess Tournament Paracin 2"]
[Site "Paracin, Serbia"]
[Date "2021.07.09"]
[Round "1.7"]
[White "Suleymanli, Aydin"]
[Black "Ivic, Matija"]
[Result "1-0"]
[WhiteElo "2563"]
[BlackElo "2226"]
[PlyCount "49"]
[EventDate "2021.??.??"]

1. d4 Nf6 2. c4 e6 3. Nc3 Bb4 4. e3 O-O 5. Nge2 c6 6. a3 Ba5 7. b4 Bc7 8. d5
exd5 9. cxd5 Be5 10. Ra2 a5 11. b5 d6 12. dxc6 bxc6 13. f4 Bxc3+ 14. Nxc3 d5
15. a4 Re8 16. Be2 Ng4 17. Bxg4 Qh4+ 18. Rf2 Bxg4 19. Qd4 Be6 20. O-O Rc8 21.
Bb2 f6 22. Qd1 Nd7 23. bxc6 Nb6 24. Nb5 Nc4 25. Nd4 1-0

[Event "International Chess Tournament Paracin 2"]
[Site "Paracin, Serbia"]
[Date "2021.07.09"]
[Round "1.8"]
[White "Ojas, Kulkarni"]
[Black "Aleksandrov, Aleksej"]
[Result "1/2-1/2"]
[WhiteElo "2216"]
[BlackElo "2535"]
[PlyCount "49"]
[EventDate "2021.??.??"]

1. e4 e5 2. Nf3 Nc6 3. d4 exd4 4. Nxd4 Qf6 5. Nb5 Bc5 6. Qe2 Qd8 7. Qg4 g6 8.
Qg3 d6 9. Bg5 f6 10. Be3 Bxe3 11. Qxe3 Nge7 12. N1c3 a6 13. Nd4 Nxd4 14. Qxd4
Nc6 15. Qd2 Be6 16. O-O-O Qd7 17. Nd5 Rf8 18. Qc3 O-O-O 19. f4 Kb8 20. Bc4 Rde8
21. Rhe1 Ne7 22. Nxc7 Qxc7 23. Bxe6 Qxc3 24. bxc3 Kc7 25. Kb2 1/2-1/2

[Event "International Chess Tournament Paracin 2"]
[Site "Paracin, Serbia"]
[Date "2021.07.09"]
[Round "1.9"]
[White "Iskandarov, Misratdin"]
[Black "Kostov, Deyan Samuil"]
[Result "1-0"]
[WhiteElo "2533"]
[BlackElo "2215"]
[PlyCount "91"]
[EventDate "2021.??.??"]

1. c4 e5 2. Nc3 Nf6 3. e3 Nc6 4. Qc2 g6 5. a3 Bg7 6. b4 d6 7. Bb2 a5 8. b5 Ne7
9. Nf3 O-O 10. Be2 Re8 11. d3 c6 12. O-O Nf5 13. bxc6 bxc6 14. Ne4 c5 15. Nfd2
a4 16. Rab1 Qc7 17. Nxf6+ Bxf6 18. Ne4 Bg7 19. Nc3 Bd7 20. Nd5 Qd8 21. Bc3 Bc6
22. Bf3 Kf8 23. Be4 Ra6 24. Rb2 Bh6 25. Rfb1 Bxd5 26. Bxd5 Ne7 27. Bf3 Qd7 28.
Rb8 Rxb8 29. Rxb8+ Kg7 30. d4 Nc6 31. dxe5 dxe5 32. Rb5 Kg8 33. Bd5 Qd6 34. Qe4
Bg7 35. f4 h5 36. Rb7 Nd8 37. fxe5 Qf8 38. Rb8 Qe7 39. e6 Kh7 40. Bxg7 Kxg7 41.
Rxd8 Qxd8 42. e7 Qe8 43. Qe5+ Kg8 44. Qc7 Rb6 45. Qxb6 Qxe7 46. Qxg6+ 1-0

[Event "International Chess Tournament Paracin 2"]
[Site "Paracin, Serbia"]
[Date "2021.07.09"]
[Round "1.10"]
[White "Sharma, Isha"]
[Black "Annaberdiev, Meilis"]
[Result "0-1"]
[WhiteElo "2213"]
[BlackElo "2532"]
[PlyCount "60"]
[EventDate "2021.??.??"]

1. e4 c5 2. Nf3 d6 3. d4 cxd4 4. Nxd4 Nf6 5. Nc3 a6 6. Be2 g6 7. Be3 Nbd7 8. g4
h6 9. h4 b5 10. f3 Bb7 11. Qd2 b4 12. Nd5 Nxd5 13. exd5 Bxd5 14. Qxb4 Rb8 15.
Qa3 e5 16. Nb3 Bb7 17. O-O-O d5 18. Qa4 Qc7 19. Na5 Ba8 20. a3 Bg7 21. Rh3 O-O
22. Nb3 Rfc8 23. Rd2 d4 24. Bf2 Bd5 25. Nxd4 exd4 26. Bxd4 Nb6 27. Bxb6 Bxb2+
28. Kd1 Qxb6 29. Rxd5 Qg1+ 30. Kd2 Bc1+ 0-1

[Event "International Chess Tournament Paracin 2"]
[Site "Paracin, Serbia"]
[Date "2021.07.09"]
[Round "1.11"]
[White "Budisavljevic, Luka"]
[Black "Aleksic, Neven"]
[Result "1-0"]
[WhiteElo "2509"]
[BlackElo "2213"]
[PlyCount "77"]
[EventDate "2021.??.??"]

1. d4 Nf6 2. c4 e6 3. Nc3 d5 4. cxd5 exd5 5. Bg5 c6 6. e3 Bd6 7. Bd3 h6 8. Bh4
Nbd7 9. Qc2 O-O 10. Nf3 Re8 11. O-O Nf8 12. Rab1 a5 13. Rfc1 Bg4 14. Bg3 Bxg3
15. hxg3 Bxf3 16. gxf3 Qd6 17. Kg2 Ne6 18. Ne2 Re7 19. g4 Ng5 20. Ng3 Qd7 21.
Rh1 Rae8 22. Nf5 Re6 23. Rh4 Nfh7 24. Rbh1 Nf8 25. Ng3 Ng6 26. Rh5 Rf6 27. Bf5
Qd6 28. R5h2 Qc7 29. Nh5 Rd6 30. f4 Ne4 31. Bxe4 dxe4 32. Ng3 Nxf4+ 33. exf4
Rxd4 34. Qc3 Rd3 35. Qxg7+ Kxg7 36. Nf5+ Kf8 37. Rxh6 f6 38. Rh8+ Kf7 39. R1h7+
1-0

[Event "International Chess Tournament Paracin 2"]
[Site "Paracin, Serbia"]
[Date "2021.07.09"]
[Round "1.12"]
[White "Stoinev, Metodi"]
[Black "Sturt, Raven"]
[Result "0-1"]
[WhiteElo "2212"]
[BlackElo "2500"]
[PlyCount "76"]
[EventDate "2021.??.??"]

1. e4 e6 2. d4 d5 3. Nd2 c5 4. exd5 Qxd5 5. dxc5 Nf6 6. Ngf3 Qxc5 7. Bd3 Be7 8.
O-O Nbd7 9. Qe2 O-O 10. Re1 Qc7 11. Nb3 b6 12. Bg5 Bb7 13. c3 Rfe8 14. Rad1
Rad8 15. Bb5 Nd5 16. c4 Bxg5 17. cxd5 Bf4 18. g3 Bd6 19. Rc1 Qb8 20. Ng5 Re7
21. dxe6 fxe6 22. Bc4 Ne5 23. Qc2 g6 24. Rxe5 Bxe5 25. Nxe6 Rc8 26. Qe2 b5 27.
Bxb5 Rxc1+ 28. Nxc1 Rxe6 29. Bc4 Qd6 30. Bxe6+ Qxe6 31. Nd3 Qd5 32. f3 Bd6 33.
Qe8+ Bf8 34. Ne5 Ba6 35. Kg2 Bb5 36. Qb8 Qd2+ 37. Kh3 Bf1+ 38. Kh4 Qh6+ 0-1

[Event "International Chess Tournament Paracin 2"]
[Site "Paracin, Serbia"]
[Date "2021.07.09"]
[Round "1.13"]
[White "Sadikhov, Ulvi"]
[Black "Miljkovic, Miroslav M"]
[Result "1-0"]
[WhiteElo "2490"]
[BlackElo "2211"]
[PlyCount "79"]
[EventDate "2021.??.??"]

1. e4 c5 2. Nf3 e6 3. g3 Nc6 4. Bg2 a6 5. O-O Qc7 6. Re1 d6 7. c3 Nf6 8. d4 Be7
9. dxc5 dxc5 10. e5 Nd7 11. Bf4 h6 12. h4 Nb6 13. g4 g5 14. hxg5 Nd5 15. Bg3
hxg5 16. Nbd2 Nf4 17. Bxf4 gxf4 18. Qa4 Bd7 19. Qxf4 f6 20. Nc4 fxe5 21. Qe4
O-O-O 22. Rad1 Rdf8 23. Nfxe5 Nxe5 24. Nxe5 Be8 25. Qc4 Bh4 26. Qxe6+ Kb8 27.
Re2 Bb5 28. c4 Re8 29. Qd6 Qxd6 30. Rxd6 Bxc4 31. Re3 Bb5 32. Rb6 Rhf8 33.
Rxb7+ Kc8 34. Nf7 Rd8 35. Ra7 Bc4 36. Nd6+ Kb8 37. Rb7+ Ka8 38. Nxc4 Bxf2+ 39.
Kh2 Bxe3 40. Nb6# 1-0

[Event "International Chess Tournament Paracin 2"]
[Site "Paracin, Serbia"]
[Date "2021.07.09"]
[Round "1.14"]
[White "Shpanko, Nadiia"]
[Black "Raja, Harshit"]
[Result "0-1"]
[WhiteElo "2203"]
[BlackElo "2484"]
[PlyCount "80"]
[EventDate "2021.??.??"]

1. Nf3 d5 2. d4 Nf6 3. g3 Bf5 4. Bg2 e6 5. O-O Bd6 6. c4 c6 7. Nc3 O-O 8. Nd2
Nbd7 9. e4 dxe4 10. Ndxe4 Nxe4 11. Nxe4 Be7 12. Qe2 Nf6 13. Rd1 Qb6 14. b3 Rfd8
15. c5 Qb4 16. Bd2 Qa3 17. Bc1 Qa5 18. Bd2 Qc7 19. Bf4 Qd7 20. Nxf6+ Bxf6 21.
Bd6 a5 22. a3 Qe8 23. Be5 Rd7 24. h4 h6 25. Rd2 Qe7 26. Bd6 Rxd6 27. cxd6 Qxd6
28. Rad1 Qxa3 29. Qc4 Bg4 30. f3 Bf5 31. Kf2 a4 32. b4 Qb3 33. Bf1 Be7 34. Rc1
Bxb4 35. Ra2 Rd8 36. g4 Bh7 37. g5 hxg5 38. hxg5 Bf5 39. Re2 Bd3 40. Qxb3 axb3
0-1

[Event "International Chess Tournament Paracin 2"]
[Site "Paracin, Serbia"]
[Date "2021.07.09"]
[Round "1.15"]
[White "Aitbayev, Aslan"]
[Black "Toncheva, Nadya"]
[Result "1-0"]
[WhiteElo "2475"]
[BlackElo "2201"]
[PlyCount "99"]
[EventDate "2021.??.??"]

1. e4 e5 2. Nf3 Nc6 3. Bb5 a6 4. Ba4 Nf6 5. O-O Be7 6. Re1 b5 7. Bb3 d6 8. c3
O-O 9. h3 Nb8 10. d4 Nbd7 11. c4 c6 12. Nc3 b4 13. Ne2 Nxe4 14. Qc2 f5 15. c5+
d5 16. Be3 Bf6 17. Rad1 Qe8 18. dxe5 Nxe5 19. Nfd4 Bh4 20. g3 Be7 21. Kg2 Kh8
22. f3 Nxc5 23. Nxc6 Nxb3 24. Nxe5 Bf6 25. Qxb3 Qxe5 26. Qxb4 Bd7 27. Bd4 Qb8
28. Qxb8 Raxb8 29. Bxf6 Rxf6 30. b3 Re8 31. Nd4 Rff8 32. Rxe8 Rxe8 33. Rc1 g6
34. Rc5 Be6 35. Ra5 Bc8 36. Rxd5 Kg7 37. Kf2 Kf6 38. f4 Re7 39. Rd6+ Kg7 40. a4
Rc7 41. Rc6 Rxc6 42. Nxc6 Be6 43. Nd4 Bd7 44. Ke3 Kf7 45. Nf3 Ke7 46. Kd4 Kd6
47. Ng5 h6 48. Nf7+ Ke7 49. Ne5 Be8 50. Kc5 1-0

[Event "International Chess Tournament Paracin 2"]
[Site "Paracin, Serbia"]
[Date "2021.07.09"]
[Round "1.16"]
[White "Pavlov, Mark"]
[Black "Prithu, Gupta"]
[Result "0-1"]
[WhiteElo "2195"]
[BlackElo "2472"]
[PlyCount "60"]
[EventDate "2021.??.??"]

1. d4 Nf6 2. Nf3 e6 3. e3 d5 4. Bd3 c5 5. b3 Bd6 6. Bb2 cxd4 7. exd4 O-O 8. O-O
Ne4 9. Nbd2 f5 10. Ne5 Nc6 11. a3 Nxe5 12. dxe5 Bc5 13. Nf3 Bd7 14. b4 Bb6 15.
c4 Qe8 16. cxd5 exd5 17. Bxe4 dxe4 18. Ng5 e3 19. Qb3+ Kh8 20. e6 Ba4 21. Qa2
Bc6 22. b5 exf2+ 23. Kh1 Bxg2+ 24. Kxg2 Qh5 25. Bxg7+ Kxg7 26. Qd2 Kg6 27. e7
Rfe8 28. Qd6+ Kxg5 29. Rxf2 Qg4+ 30. Kf1 Bxf2 0-1

[Event "International Chess Tournament Paracin 2"]
[Site "Paracin, Serbia"]
[Date "2021.07.09"]
[Round "1.17"]
[White "Nikitenko, Mihail"]
[Black "Ozdemir, Serhan Berat"]
[Result "1-0"]
[WhiteElo "2472"]
[BlackElo "2191"]
[PlyCount "87"]
[EventDate "2021.??.??"]

1. c4 Nf6 2. g3 g6 3. Bg2 Bg7 4. Nc3 O-O 5. e4 d6 6. Nge2 c5 7. O-O Nc6 8. d3
a6 9. h3 Rb8 10. a4 Ne8 11. Be3 Nd4 12. Rb1 Bd7 13. b4 Nc7 14. b5 Nce6 15. f4
Nxe2+ 16. Nxe2 Nd4 17. Nxd4 cxd4 18. Bd2 Qc8 19. g4 f5 20. exf5 gxf5 21. g5 e5
22. Bb4 Qc7 23. Bd5+ Kh8 24. Qf3 a5 25. Ba3 b6 26. fxe5 dxe5 27. Rbe1 e4 28.
Qf4 Qxf4 29. Rxf4 Be5 30. Ref1 e3 31. Bb2 h6 32. g6 Rf6 33. Bxd4 Rxg6+ 34. Kh2
Bxd4 35. Rxd4 Rd6 36. Re1 Re8 37. Kg3 Rg6+ 38. Kf4 Kg7 39. Bf3 Re7 40. Rxe3 Kf8
41. Rd5 Rg1 42. Rd6 Ra1 43. Rxb6 Rxa4 44. Rb8+ 1-0

[Event "International Chess Tournament Paracin 2"]
[Site "Paracin, Serbia"]
[Date "2021.07.09"]
[Round "1.18"]
[White "Rakshitta, Ravi"]
[Black "Gavrilescu, David"]
[Result "0-1"]
[WhiteElo "2190"]
[BlackElo "2470"]
[PlyCount "123"]
[EventDate "2021.??.??"]

1. Nf3 d5 2. g3 Nf6 3. Bg2 c5 4. O-O e6 5. d4 cxd4 6. Nxd4 e5 7. Nb3 Be6 8. Nc3
Be7 9. f4 exf4 10. gxf4 g6 11. Kh1 Nc6 12. Be3 b6 13. Nd4 Nxd4 14. Bxd4 O-O 15.
f5 gxf5 16. Qd2 Ng4 17. Bf3 Bg5 18. e3 f6 19. Qg2 Qd7 20. h3 Rad8 21. hxg4 fxg4
22. Be2 h5 23. Bd3 h4 24. Ne2 g3 25. Nxg3 Bh3 26. Qh2 hxg3 27. Qxg3 Bxf1 28.
Rxf1 Kf7 29. Bf5 Rh8+ 30. Kg2 Qd6 31. Qxd6 Rxd6 32. b3 Rdd8 33. c4 dxc4 34.
bxc4 Rdg8 35. Kf3 Rh2 36. Be4 Rgh8 37. Bd5+ Kg6 38. a4 R8h3+ 39. Ke4 Rd2 40.
Rg1 f5+ 41. Ke5 Rh8 42. Bc6 Rd8 43. Rf1 Bf6+ 44. Ke6 Bxd4 45. Rg1+ Kh6 46. exd4
R2xd4 47. Bd5 Rg4 48. Rf1 f4 49. Kf5 Rg5+ 50. Kf6 Rg6+ 51. Ke7 Rh8 52. Rxf4
Rh7+ 53. Rf7 Rxf7+ 54. Bxf7 Rc6 55. Bd5 Rc5 56. Kd6 Kg5 57. Bc6 Rxc4 58. Kc7
Rc5 59. Kb7 Ra5 60. Bb5 Kf4 61. Kc6 Ke5 62. Kb7 0-1

[Event "International Chess Tournament Paracin 2"]
[Site "Paracin, Serbia"]
[Date "2021.07.09"]
[Round "1.19"]
[White "Gharibyan, Mamikon"]
[Black "Radisavljevic, Dalibor"]
[Result "1-0"]
[WhiteElo "2464"]
[BlackElo "2186"]
[PlyCount "73"]
[EventDate "2021.??.??"]

1. d4 c5 2. d5 Nf6 3. Nc3 g6 4. e4 d6 5. Bb5+ Bd7 6. a4 Bg7 7. Nf3 O-O 8. O-O
Na6 9. Re1 Nc7 10. Bf1 a6 11. a5 Nb5 12. Nb1 e6 13. dxe6 Bxe6 14. c3 d5 15.
exd5 Bxd5 16. Bg5 h6 17. Bh4 g5 18. Bg3 Nh5 19. Nbd2 Nxg3 20. hxg3 Nd6 21. Nb3
Bxb3 22. Qxb3 Qc7 23. Rad1 Rfe8 24. Rd5 Rxe1 25. Nxe1 Qc6 26. Qd1 Ne4 27. Bc4
Nf6 28. Rd6 Qc7 29. Nc2 Re8 30. Ne3 Qe7 31. g4 Qe4 32. g3 Qe5 33. Rb6 Re7 34.
Qf3 Ne4 35. Bd5 Nd2 36. Qf5 Qb8 37. Qd3 1-0

[Event "International Chess Tournament Paracin 2"]
[Site "Paracin, Serbia"]
[Date "2021.07.09"]
[Round "1.20"]
[White "Mitev, Valentin"]
[Black "Bryakin, Mikhail"]
[Result "0-1"]
[WhiteElo "2181"]
[BlackElo "2463"]
[PlyCount "92"]
[EventDate "2021.??.??"]

1. Nf3 Nf6 2. d4 d5 3. c4 c6 4. e3 Bf5 5. Nc3 e6 6. Nh4 Be4 7. f3 Bg6 8. Nxg6
hxg6 9. cxd5 cxd5 10. Qb3 Qd7 11. Bd2 Nc6 12. O-O-O Rc8 13. Kb1 Na5 14. Qb5 Nc4
15. Bxc4 dxc4 16. Qxd7+ Kxd7 17. a3 a6 18. e4 b5 19. h3 Be7 20. Bf4 Rhd8 21.
Rhe1 Nh5 22. Be5 Bh4 23. Rf1 f6 24. Bh2 Bg3 25. Bxg3 Nxg3 26. Rf2 g5 27. Rfd2
Nh5 28. Ne2 Nf4 29. Nxf4 gxf4 30. Kc2 Kd6 31. Re1 Ke7 32. Red1 Rd6 33. Kc3 a5
34. e5 Rd5 35. exf6+ gxf6 36. Re1 Kd6 37. Re4 e5 38. dxe5+ fxe5 39. Rxd5+ Kxd5
40. g3 b4+ 41. axb4 axb4+ 42. Kc2 Rf8 43. b3 cxb3+ 44. Kxb3 fxg3 45. Rg4 Rxf3+
46. Ka4 Kc5 0-1

[Event "International Tournament "]
[Site "Pool "]
[Date "2021.07.09"]
[Round "1.22"]
[White "Efremov, Vladislav"]
[Black "Dudin, Gleb"]
[Result "0-1"]
[WhiteElo "2173"]
[BlackElo "2439"]
[PlyCount "94"]
[EventDate "2021.07.09"]

1. d4 d5 2. Nf3 Nf6 3. c4 e6 4. Nc3 c6 5. g3 dxc4 6. Bg2 Nbd7 7. a4 Bb4 8. O-O
O-O 9. Qc2 a5 10. Na2 Bd6 11. Nd2 Nb6 12. Nxc4 Nxc4 13. Qxc4 e5 14. Nc3 exd4
15. Qxd4 Qe7 16. Bg5 Be5 17. Qe3 Re8 18. h3 Bf5 19. Bf4 Nd7 20. Bxe5 Nxe5 21.
f4 Nc4 22. Qxe7 Rxe7 23. e4 Be6 24. Rf2 Rd8 25. Rd1 Rxd1+ 26. Nxd1 Rd7 27. Nc3
f6 28. g4 Rd4 29. e5 fxe5 30. fxe5 h6 31. Ne4 Nxe5 32. Nc5 Bd5 33. Nxb7 Rxa4
34. Bxd5+ cxd5 35. Rf5 Ra1+ 36. Kh2 Ra2 37. Nxa5 Rxb2+ 38. Kg1 Re2 39. Rf4 d4
40. Rf2 Re3 41. Kg2 Nd3 42. Rd2 Nf4+ 43. Kf1 d3 44. h4 Rh3 45. h5 Rg3 46. Nc4
Rxg4 47. Ne5 Rg5 0-1

[Event "International Tournament "]
[Site "Pool "]
[Date "2021.07.09"]
[Round "1.23"]
[White "Aditya, Mittal"]
[Black "Djukic, Sandra"]
[Result "1-0"]
[WhiteElo "2438"]
[BlackElo "2172"]
[PlyCount "73"]
[EventDate "2021.07.09"]

1. Nf3 d5 2. g3 Nf6 3. Bg2 e6 4. O-O Be7 5. c4 O-O 6. b3 c5 7. cxd5 Nxd5 8. d4
cxd4 9. Nxd4 Nc6 10. Nxc6 bxc6 11. Bb2 Bf6 12. Bxf6 Qxf6 13. Nd2 Nc3 14. Ne4
Nxe4 15. Bxe4 Rb8 16. Qc2 g6 17. Bxc6 Bb7 18. Bxb7 Rxb7 19. Rfd1 h5 20. Rac1 h4
21. Qe4 Rb5 22. Qxh4 Qxh4 23. gxh4 Ra5 24. Rc2 Kg7 25. Rd4 Rh8 26. f3 Rah5 27.
Rc7 a5 28. Rf4 Rf8 29. Ra7 Rc5 30. Kf2 Rc2 31. Rxa5 f5 32. Rc4 Rxc4 33. bxc4
Rc8 34. c5 Kf6 35. f4 Rc6 36. a4 Kg7 37. Ke3 1-0

[Event "International Tournament "]
[Site "Pool "]
[Date "2021.07.09"]
[Round "1.24"]
[White "Ufimtsev, Egor"]
[Black "Mohammad, Nubairshah Shaikh"]
[Result "1/2-1/2"]
[WhiteElo "2168"]
[BlackElo "2436"]
[PlyCount "47"]
[EventDate "2021.07.09"]

1. Nf3 Nf6 2. c4 g6 3. Nc3 Bg7 4. g3 c6 5. Bg2 d5 6. cxd5 cxd5 7. d4 O-O 8. O-O
Ne4 9. Qb3 Nc6 10. Bf4 Na5 11. Qb4 Bf5 12. Rac1 b6 13. Nxe4 Bxe4 14. Ne5 f6 15.
Nc6 Nxc6 16. Rxc6 Bxg2 17. Kxg2 e5 18. Be3 Rf7 19. Rfc1 Bf8 20. Qc3 Qe8 21. Rc8
Rxc8 22. Qxc8 Qb5 23. Qc6 Qxc6 24. Rxc6 1/2-1/2

[Event "International Tournament "]
[Site "Pool "]
[Date "2021.07.09"]
[Round "1.26"]
[White "Ferey, Antonin"]
[Black "Sankalp, Gupta"]
[Result "0-1"]
[WhiteElo "2148"]
[BlackElo "2429"]
[PlyCount "56"]
[EventDate "2021.07.09"]

1. d4 Nf6 2. c4 e6 3. Nf3 d5 4. Bg5 dxc4 5. e3 b5 6. a4 c6 7. Nbd2 Nbd7 8. Be2
Be7 9. O-O O-O 10. Qc2 Nd5 11. Bxe7 Qxe7 12. Rfc1 a5 13. e4 Nf4 14. Bf1 e5 15.
g3 Ng6 16. d5 cxd5 17. exd5 b4 18. Nxc4 f5 19. Re1 Qf6 20. Rad1 Bb7 21. Qb3 Kh8
22. Qe3 f4 23. gxf4 Nxf4 24. Nfxe5 Nxe5 25. Qxe5 Qg6+ 26. Kh1 Rae8 27. Qd6
Bxd5+ 28. Rxd5 Qg2+ 0-1

[Event "International Tournament "]
[Site "Pool "]
[Date "2021.07.09"]
[Round "1.27"]
[White "Zarubitski, Viachaslau"]
[Black "Karisik, Nenad"]
[Result "1-0"]
[WhiteElo "2426"]
[BlackElo "2144"]
[PlyCount "169"]
[EventDate "2021.07.09"]

1. c4 g6 2. g3 Bg7 3. Bg2 e5 4. Nc3 Nc6 5. e3 Nge7 6. Nge2 d6 7. d3 h5 8. Nd5
a5 9. Nec3 Nxd5 10. cxd5 Ne7 11. h4 O-O 12. O-O Bg4 13. Qb3 Qd7 14. Kh2 a4 15.
Qc2 Qd8 16. Bd2 Bd7 17. b3 axb3 18. axb3 Rxa1 19. Rxa1 Qb8 20. Qa2 f5 21. Qa5
Bh6 22. f4 exf4 23. exf4 Bg7 24. Re1 Re8 25. Nb5 b6 26. Qb4 Kf7 27. Nd4 Ng8 28.
Ne6 Nf6 29. Nxg7 Rxe1 30. Bxe1 Kxg7 31. Bc3 Kf7 32. Qd4 Qd8 33. Bf3 Qe7 34. Kg2
Be8 35. Kf1 Bd7 36. Bb2 Bb5 37. Kf2 Bd7 38. Bc3 Bb5 39. Be2 Ba6 40. Bb2 Bb7 41.
Bf3 Ba6 42. Qc3 Bb5 43. b4 Ba6 44. Qd4 Bb5 45. Bd1 Ba6 46. Bc3 Bb5 47. Kg1 Ba6
48. Ba4 Bb7 49. Bb3 Ba6 50. Bc4 Bc8 51. Kf1 Bb7 52. Bb2 Bc8 53. Ba1 Bb7 54. Qb2
Bc8 55. Kg2 Bb7 56. Kh3 Bc8 57. Qd4 Bb7 58. Qc3 Bc8 59. Qb2 Bb7 60. Kg2 Bc8 61.
Kf1 Bb7 62. Qc3 Bc8 63. Bb5 Bb7 64. Bc6 Bxc6 65. Qxc6 Ne8 66. Kf2 Kg8 67. Qa8
Kf7 68. Qc8 Kf8 69. Bd4 Qf7 70. Qa8 Qd7 71. Ke3 Qb5 72. Bc3 Qd7 73. Kd2 Qe7 74.
Bd4 Kf7 75. Qc8 Nf6 76. Qh8 Nxd5 77. Qg7+ Ke6 78. Qxg6+ Nf6 79. b5 Qf7 80. Qh6
Ke7 81. Qg5 Ke6 82. Qh6 Ke7 83. Bxf6+ Qxf6 84. Qxh5 Qb2+ 85. Ke3 1-0

[Event "International Tournament "]
[Site "Pool "]
[Date "2021.07.09"]
[Round "1.28"]
[White "Kanov, Nikola"]
[Black "Savic, Miodrag R"]
[Result "0-1"]
[WhiteElo "2140"]
[BlackElo "2421"]
[PlyCount "140"]
[EventDate "2021.07.09"]

1. e4 d5 2. exd5 Qxd5 3. Nc3 Qa5 4. d4 c6 5. Nf3 Nf6 6. Bc4 Bf5 7. Qe2 e6 8.
Bd2 Bb4 9. O-O-O Nbd7 10. Ne5 h5 11. Nxd7 Kxd7 12. a3 Bxc3 13. Bxc3 Qc7 14. h3
Rad8 15. Bd2 Nd5 16. g4 Bg6 17. Bd3 Bxd3 18. Qxd3 Kc8 19. Qf3 hxg4 20. hxg4 Qe7
21. Qe4 Nf6 22. Qf4 Qc7 23. Rxh8 Rxh8 24. Qg5 Rg8 25. Bf4 Ne4 26. Bxc7 Nxg5 27.
Bf4 Ne4 28. f3 Nf6 29. Rh1 Nd5 30. Bd2 Kd7 31. c4 Ne7 32. Kc2 Ng6 33. Kd3 f6
34. f4 Ke8 35. Ke4 Kf7 36. Bc3 Re8 37. a4 Ne7 38. Kf3 a6 39. a5 Rd8 40. Ke3 f5
41. g5 Ng6 42. d5 exd5 43. Rh7 Re8+ 44. Kf3 Rg8 45. cxd5 cxd5 46. Ke3 Nf8 47.
Rh1 Ne6 48. Be5 Rc8 49. Rd1 Rc5 50. b4 Rb5 51. Rb1 Ke8 52. Rb2 Kf7 53. Rb1 Kg6
54. Rb2 Kh5 55. Rh2+ Kg4 56. Rg2+ Kh3 57. Rb2 Kg3 58. Rb1 d4+ 59. Kd2 g6 60.
Rg1+ Kf3 61. Rb1 Ke4 62. Re1+ Kd5 63. Bb8 Nd8 64. Ba7 Nc6 65. Bc5 Nxb4 66. Re5+
Kc4 67. Bxb4 Rxb4 68. Re6 Rb2+ 69. Kc1 Rf2 70. Rxg6 Kc3 0-1